Campbell-Walsh urology / (رقم التسجيلة. 24219)
[ عرض عادي ]
| 000 -الفاتح | |
|---|---|
| حقل البيانات ثابتة الطول | 01519cam a2200433 a 4500 |
| 001 - رقم الضبط | |
| رقم الضبط | 9052097 |
| 003 - محدد رقم الضبط | |
| رقم الضبط | OSt |
| 005 - وقت وتاريخ اخر تعامل مع التسجيلة | |
| رقم الضبط | 20150408114046.0 |
| 008 - عناصر البيانات ثابتة الطول - معلومات عامة | |
| حقل البيانات ثابتة الطول | 120623s2012 paua f b 001 0 eng |
| 010 ## - رقم ضبط مكتبة الكونجرس | |
| رقم ضبط مكتبة الكونجرس | 2011015024 |
| 016 7# - رقم ضبط الوكاله الوطنية للضبط الببليوجرافي | |
| رقم ضبط التسجيلة | 101558127 |
| المصدر | DNLM |
| 020 ## - الرقم الدولى المعيارى للكتب | |
| الرقم الدولى المعيارى للكتاب | 9781416069119 (set : hardcover : alk. paper) |
| 020 ## - الرقم الدولى المعيارى للكتب | |
| الرقم الدولى المعيارى للكتاب | 1416069119 (set : hardcover : alk. paper) |
| 020 ## - الرقم الدولى المعيارى للكتب | |
| الرقم الدولى المعيارى للكتاب | 9780808924395 (international ed., hardcover : alk. paper) |
| 020 ## - الرقم الدولى المعيارى للكتب | |
| الرقم الدولى المعيارى للكتاب | 0808924397 (international ed., hardcover : alk. paper) |
| 035 ## - رقم ضبط النظام | |
| رقم ضبط النظام | (OCoLC)ocn712765612 |
| 035 ## - رقم ضبط النظام | |
| رقم ضبط النظام | (OCoLC)712765612 |
| رقم الضبط الملغى والمتاح | (OCoLC)706025340 |
| 035 ## - رقم ضبط النظام | |
| رقم ضبط النظام | (NNC)9052097 |
| 040 ## - مصدر الفهرسة | |
| وكالة الفهرسة الأصلية | DNLM/DLC |
| وكالة النسخ | MU |
| وكالة التعديل | YDX |
| -- | BTCTA |
| -- | NLM |
| -- | YDXCP |
| -- | VET |
| 042 ## - رمز التحقق | |
| رمز التحقق | pcc |
| 050 00 - رقم طلب مكتبة الكونجرس | |
| رقم المادة | .C33 2012 |
| 060 #4 - رقم الطلب بالمكتبة الطبية الوطنية | |
| رقم المادة | C192 2012 |
| 082 00 - رقم تصنيف ديوى العشرى | |
| رقم التصنيف | 616.6 C A U |
| رقم الطبعة | 22 |
| 245 00 - بيان العنوان | |
| العنوان | Campbell-Walsh urology / |
| بيان المسئوليه,etc | editor-in-chief, Alan J. Wein ; editors, Louis R. Kavoussi ... [et al.]. |
| 246 30 - العنوان الموازى | |
| عنوان صحيح/عنوان مختصر | Urology |
| 250 ## - بيان الطبعة | |
| بيان الطبعة | 10th ed. |
| 260 ## - PUBLICATION, DISTRIBUTION, ETC. (IMPRINT) | |
| مكان الناشر او الموزع | Philadelphia, PA : |
| اسم الناشر او الموزع | Elsevier Saunders, |
| تاريخ النشر أو التوزيع | c2012. |
| 300 ## - الوصف المادى | |
| التعداد | 4 v. (xxxvii, 3753, 95 p.) : |
| تفاصيل ماديه اخرى للوعاء | ill. (chiefly col.) ; |
| أبعاد الوعاء | 29 cm. |
| 504 ## - تبصرة ببليوجرافية | |
| تبصرة ببليوجرافية,الخ | Includes bibliographical references and index. |
| 650 #4 - المدخل الاضافى بالموضوع-مصطلح موضوعى | |
| مصطلح موضوعي أو اسم جغرافي كعنصر مدخل | Urology. |
| 9 (RLIN) | 11363 |
| 650 #4 - المدخل الاضافى بالموضوع-مصطلح موضوعى | |
| مصطلح موضوعي أو اسم جغرافي كعنصر مدخل | Female Urogenital Diseases. |
| 9 (RLIN) | 16116 |
| 650 #4 - المدخل الاضافى بالموضوع-مصطلح موضوعى | |
| مصطلح موضوعي أو اسم جغرافي كعنصر مدخل | Male Urogenital Diseases. |
| 9 (RLIN) | 16117 |
| 650 #4 - المدخل الاضافى بالموضوع-مصطلح موضوعى | |
| مصطلح موضوعي أو اسم جغرافي كعنصر مدخل | Urology |
| التقسيم الفرعي العام | methods. |
| 9 (RLIN) | 16118 |
| 700 1# - المدخل الاضافى - اسم شخصى | |
| الإسم الشخصى | Wein, Alan J. |
| 9 (RLIN) | 16119 |
| 700 1# - المدخل الاضافى - اسم شخصى | |
| الإسم الشخصى | Kavoussi, Louis R. |
| 9 (RLIN) | 16120 |
| 700 1# - المدخل الاضافى - اسم شخصى | |
| الإسم الشخصى | Campbell, Meredith F. |
| الشكل الأكمل للاسم | (Meredith Fairfax), |
| التواريخ المصاحبة للاسم | 1894-1968. |
| 9 (RLIN) | 16121 |
| 942 ## - عناصر المدخل الإضافي( كوها) | |
| مصدر التصنيف او مخطط الترفيف | Dewey Decimal Classification |
| Koha [default] item type | DVD |
| حالة الفقد | نموذج السعر الفعال | حالة تلف | ليس للاعارة | رقم الطلب | رقم النسخة | تاريخ الاكتساب | الموقع الحالي | الباركود | الفرع الرئيسي | Date last seen | نوع المادة فى نظام كوها | مصدر التصنيف او خطة الترفيف | Total Checkouts |
|---|---|---|---|---|---|---|---|---|---|---|---|---|---|
| 2013-03-10 | 616.6 C A U | C.1 V.1 | 2012-06-23 | المكتبة المركزية بالمجمعة (CL) | 00109706 | المكتبة المركزية بالمجمعة (CL) | 2013-03-10 | كتاب | Dewey Decimal Classification | ||||
| 2013-03-10 | 616.6 C A U | C.1 V.2 | 2012-06-23 | المكتبة المركزية بالمجمعة (CL) | 00109707 | المكتبة المركزية بالمجمعة (CL) | 2013-03-10 | كتاب | Dewey Decimal Classification | ||||
| 2013-03-10 | 616.6 C A U | C.1 V.3 | 2012-06-23 | المكتبة المركزية بالمجمعة (CL) | 00109705 | المكتبة المركزية بالمجمعة (CL) | 2013-03-10 | كتاب | Dewey Decimal Classification | ||||
| 2013-03-10 | 616.6 C A U | C.1 V.4 | 2012-06-23 | المكتبة المركزية بالمجمعة (CL) | 00109704 | المكتبة المركزية بالمجمعة (CL) | 2013-03-10 | كتاب | Dewey Decimal Classification | ||||
| 2013-03-10 | 616.6 C A U | C.2 V.1 | 2012-06-23 | المكتبة المركزية بالمجمعة (CL) | 00109703 | المكتبة المركزية بالمجمعة (CL) | 2013-03-10 | كتاب | Dewey Decimal Classification | ||||
| 2013-03-10 | 616.6 C A U | C.2 V.2 | 2012-06-23 | المكتبة المركزية بالمجمعة (CL) | 00109702 | المكتبة المركزية بالمجمعة (CL) | 2013-03-10 | كتاب | Dewey Decimal Classification | ||||
| 2013-03-10 | 616.6 C A U | C.2 V.3 | 2012-06-23 | المكتبة المركزية بالمجمعة (CL) | 00109675 | المكتبة المركزية بالمجمعة (CL) | 2013-03-10 | كتاب | Dewey Decimal Classification | ||||
| 2013-03-10 | 616.6 C A U | C.2 V.4 | 2012-06-23 | المكتبة المركزية بالمجمعة (CL) | 00109674 | المكتبة المركزية بالمجمعة (CL) | 2013-03-10 | كتاب | Dewey Decimal Classification | ||||
| 2013-03-10 | 616.6 C A U | C.3V.1 | 2012-06-23 | المكتبة المركزية بالمجمعة (CL) | 00109673 | المكتبة المركزية بالمجمعة (CL) | 2013-03-10 | كتاب | Dewey Decimal Classification | ||||
| 2013-03-10 | 616.6 C A U | C.3V.2 | 2012-06-23 | المكتبة المركزية بالمجمعة (CL) | 00109672 | المكتبة المركزية بالمجمعة (CL) | 2013-03-10 | كتاب | Dewey Decimal Classification | ||||
| 2013-03-10 | 616.6 C A U | C.3V.3 | 2012-06-23 | المكتبة المركزية بالمجمعة (CL) | 00109671 | المكتبة المركزية بالمجمعة (CL) | 2013-03-10 | كتاب | Dewey Decimal Classification | ||||
| 2013-03-10 | 616.6 C A U | C.3V.4 | 2012-06-23 | المكتبة المركزية بالمجمعة (CL) | 00109670 | المكتبة المركزية بالمجمعة (CL) | 2013-03-10 | كتاب | Dewey Decimal Classification |
